Statistiques concernant L'année 2002 en sport

Cliquez ici pour prendre le quiz!

Statistiques générales

  • Ce quiz a été pris 88 fois
  • Le résultat moyen est 7 sur 15

Statistiques - réponses

HintRéponse% Correct
Nation africaine battant l'équipe de France en match d'ouverture de la coupe de footballSénégal
85%
Soeur de Venus, remportant face à elle 3 finales (Rolland-Garrons, Wimbledon, US open)Serena Williams
85%
Golfeur remportant les Masters et l'US OpenTiger Woods
76%
Footballeur portuguais évoluant aux Girondins de Bordeaux co-meilleur buteur du championnat de France 2001-2002 à égalité avec Djibril CisséPauleta
71%
Nation emmenée par Marat Safin remportant la coupe DavisRussie
56%
Nation remportant le championnat du monde de handball fémininDanemark
53%
Basketteur des Lakers élu MVP des finales NBAShaquille O'Neal
50%
Ville américaine accueillant les jeux olympiques d'hiverSalt Lake City
47%
Directeur de Ferrari remportant le 12ème titre du championnat du monde des constructeurs en formule 1Jean Todt
42%
Club vainqueur du championnat de France de rugbyBiarritz
31%
Navigatrice britannique remportant la route du rhum en monocoquesEllen MacArthur
27%
Demi de mêlée, capitaine de l'équipe de France de rugby, remportant le tournoi des 6 nationsFabien Galthié
22%
Club de volley-ball féminin remportant la ligue des championsCannes
20%
Cycliste italien spécialiste du sprint champion du monde sur routeMario Cipollini
19%
Les Argonautes de cette ville devenant champions de France de football américain pour la 8ème foisAix-en-Provence
6%

Distribution des résultats

Percentile par nombre de réponses

% des personnes avec chaque résultat

Votre développement - résultats

Vous n’avez pas pris ce quiz